000 00292nam a22001337a 4500
008 181122b xxu||||| |||| 00| 0 eng d
041 _aeng
080 _22 nd
_a 615
082 _a 615
100 _a5
101 _aFAR
245 _aHandbook of Pharmacology
_cCutting.W
942 _2udc
_cBK
999 _c52363
_d52363